Konkurencieschopnosť a inovačná aktivita podniku
Konkurencieschpnosť, inovácia - pojmy, teoretické východiská. Faktory ovplyvňujúce konkurencieschopnosť. Súčasný stav v Slovenskej republike, dôvody slabej inovatívnosti firiem. Vývoj počtu podnikov a neziskových inštitúcií. Nízke verejné výdavky na výskum a vývoj - hlavný dôvod nízkej výkonnosti Sl...
Salvato in:
| Autore principale: | |
|---|---|
| Natura: | Capitolo di libro |
| Lingua: | slovacco |
| Soggetti: | |
| Tags: |
Nessun Tag, puoi essere il primo ad aggiungerne!!
|
MARC
| LEADER | 00000nla$a2200000$$$4500 | ||
|---|---|---|---|
| 001 | 0105661 | ||
| 005 | 20240502072155.4 | ||
| 041 | 0 | |a slo | |
| 044 | |a SK | ||
| 245 | 1 | 0 | |a Konkurencieschopnosť a inovačná aktivita podniku |c Štefan Hičák |
| 520 | |a Konkurencieschpnosť, inovácia - pojmy, teoretické východiská. Faktory ovplyvňujúce konkurencieschopnosť. Súčasný stav v Slovenskej republike, dôvody slabej inovatívnosti firiem. Vývoj počtu podnikov a neziskových inštitúcií. Nízke verejné výdavky na výskum a vývoj - hlavný dôvod nízkej výkonnosti Slovenska v oblasti inovácií. | ||
| 610 | 2 | 0 | |a konkurencieschopnosť |
| 610 | 2 | 0 | |a inovácia |
| 610 | 2 | 0 | |a transfer inovácií |
| 610 | 2 | 0 | |a Slovensko |
| 610 | 2 | 0 | |a výdavky verejné |
| 610 | 2 | 0 | |a veda |
| 610 | 2 | 0 | |a financovanie výskumu |
| 100 | 1 | |a Hičák, Štefan, 1983- | |